000 00727nam a2200181Ia 4500
008 100920s9999 xx 000 0 und d
082 _b86958
_a24 न 01
100 _aबिष्ट राजेंद्र सिंह.
245 _aभारत के राष्ट्रीय उद्यान.
260 _bसूचना और प्रसारण मन्त्रालय, भारत सरकार.
_c2001
300 _a245
_bसाधी
365 _b115
520 _aसायो.
630 _aभारत के राष्ट्रीय उद्यान.
650 _aसायो.
730 _aभारत के राष्ट्रीय उद्यान.
942 _cBOOK
999 _c727468
_d727465